000 00480nam a2200145 i 4500
001 43761
003 ES-MaACL
005 20230906160854.0
007 t|
008 030318s1972 sp ||||1| spa d
245 0 0 _aCatálogo general de la hemeroteca provincial de la Camara Oficial de Comercio, Industria y Navegación de Gijón.
260 _aGijón :
_b[s.n.],
_c1972 (
_fTipo Offset La Industria)
300 _a21 h., 57 lám. ;
_c25 cm.
852 _aES-MaACL
_jC-48231
_bR.84376
999 _c43761
_d43761